000 00606nam a22001817a 4500
005 20111005142845.0
010 _aG-001706
020 _c$ 16.95
_a9788176932981
035 1 d _aG-001706
037 _bGift
082 _aS
245 _aStories to read:
_bfavourite stories for young children!
260 _aBelgium
_bKids Books
_c(201?)
300 _a95p.
_c26cm(Hb)
_bcol. ill.
942 _2ddc
_cCH
_hS
_mSTO
999 _c57318
_d57318